Biología general / (Record no. 23075)

MARC details
000 -LEADER
campo de control de longitud fija 00560nam a2200205 i 4500
001 - NÚMERO DE CONTROL
campo de control 23075
003 - IDENTIFICADOR DE NÚMERO DE CONTROL
campo de control ES-MaACL
005 - FECHA Y HORA DE LA ÚLTIMA TRANSACCIÓN
campo de control 20250814011829.0
007 - CAMPO FIJO DE DESCRIPCIÓN FÍSICA--INFORMACIÓN GENERAL
campo de control de longitud fija t|
008 - DATOS DE LONGITUD FIJA--INFORMACIÓN GENERAL
campo de control de longitud fija 021209m19591960sp ||||1| spa d
100 1# - ENTRADA PRINCIPAL--NOMBRE DE PERSONA
Nombre de persona Alvarado, Salustio.
9 (RLIN) 20597
245 10 - MENCIÓN DEL TÍTULO
Título Biología general /
Mención de responsabilidad, etc. Salustio Alvarado.
250 ## - MENCION DE EDICION
Mención de edición 6ª ed. abrev.
260 ## - PUBLICACIÓN, DISTRIBUCIÓN, ETC.
Lugar de publicación, distribución, etc. Madrid :
Nombre del editor, distribuidor, etc. AGESA,
Fecha de publicación, distribución, etc. 1959-60.
300 ## - DESCRIPCIÓN FÍSICA
Extensión 2 v. :
Otras características físicas il. ;
Dimensiones 25 cm.
500 ## - NOTA GENERAL
Nota general Son los tomos 1, 2.
650 07 - PUNTO DE ACCESO ADICIONAL DE MATERIA--TÉRMINO DE MATERIA
Término de materia o nombre geográfico como elemento de entrada Biología
Fuente del encabezamiento o término embne
9 (RLIN) 10580
852 ## - LOCALIZACIÓN
Ubicación ES-MaACL
Número de control de estantería E-3969-70
Sublocalización o colección R.49017
Holdings
Estatus retirado Estado de pérdida Estado de daño No para préstamo Biblioteca de origen Biblioteca actual Ubicación en estantería Fecha de adquisición Fuente de adquisición Total de préstamos Signatura topográfica completa Código de barras Visto por última vez Precio de reemplazo Tipo de ítem Koha
        Biblioteca del Ateneo de Madrid Biblioteca del Ateneo de Madrid Depósito 2 17/01/2008     E-3969-70 1023774 23/02/2023 23/02/2023 Libro impreso